000 00456nam a22001697a 4500
003 CEME
005 20210628202548.0
008 210209b xxu||||| |||| 00| 0 eng d
020 _a0-521-78751-3
040 _c.
082 _a530.15 SNI
100 _aSnieder, Roel
_960507
245 _a A guided tour of mathematical methods for the physical sciences
260 _aNEW YORK
_bCAMBRIDGE UNIVERSTIY PRESS
_c2002
300 _aXI,429P
942 _cBK
_2ddc
999 _c570212
_d570212